000 00417nam a22001697a 4500
003 MPLRDC
005 20220104142332.0
008 210129b ||||| |||| 00| 0 eng d
082 _a524.963 BJCB 1983
100 _a不详
245 _a中学书信基础
_c
250 _a第二版
260 _a
_b普及出版社
_c1983
300 _b
650 _a中等教育--自修用书
942 _cBK
_o524.963 BJCB 1983
999 _c29985
_d29975